Impacto de la crisis asiática en América Latina

Guardado en:
Bibliografiske detaljer
Format: Texto
Fag:
Tags: Tilføj Tag
Ingen Tags, Vær først til at tagge denne postø!

MARC

LEADER 00000 a a2200000 04500
001 2544
003
040
245 |a Impacto de la crisis asiática en América Latina  
650 |a DEFICIT  
650 |a MERCADO FINANCIERO  
650 |a ECONOMIA  
650 |a SISTEMAS ECONOMICOS  
650 |a RELACIONES INTERNACIONALES  
650 |a COMERCIO INTERNACIONAL  
650 |a CRECIMIENTO ECONOMICO  
773 |g número 53; páginas 187-205  
999 |c 38757  |d 38757